01310nam a22001937a 450000500170000000800410001702000180005804000070007604100120008308200200009510000180011524500260013325000130015926000290017230000300020136500620023152007760029365000470106920250619162509.0250619b |||||||| |||| 00| 0 eng d a9789355733788 cAL aEnglish 223a612.8bKALB aJames W Kalat aBiological psychology a13th ed. aAustraliabCengagec2019 axviii,606p.bPBc28x20cm. 2Generala1454b₹792.00c₹d₹990.00e20%f17/06/2025 aThe most widely used text in its course area, James W. Kalat's BIOLOGICAL PSYCHOLOGY has appealed to thousands of students before you. Why? Kalat's main goal is to make Biological Psychology understandable to Psychology students, not just to Biology majors and pre meds--and he delivers. Another goal is to convey the excitement of the search for biological explanations of behavior. Kalat believes that Biological Psychology is "the most interesting topic in the world," and this text convinces many students--and maybe you, too--with clear writing, amusing anecdotes and intriguing examples. MindTap, an interactive online learning resource that integrates the text with videos, animations and a virtual bio-lab component, makes learning even easier and more enjoyable. 2Human physiology aBiological Psychology